El malestar en la globalización / (Registro nro. 10870)

Detalles MARC
000 -LIDER
fixed length control field 01255nam a2200397 b 4500
001 - NÚMERO DE CONTROL
Identificador de número de control 02261
003 - IDENTIFICACDOR DE NÚMERO DE CONTROL
control field DO-SdBNP
005 - DATE AND TIME OF LATEST TRANSACTION
control field 20171109103524.0
007 - CAMPOS FIJOS DE DESCRIPCIÓN FÍSICA
fixed length control field 02261
008 - ELEMENTOS DE LONGITUD FIJA
fixed length control field 030331s2010 sp | ||| ||spa
016 7# - NO. DE CONTROL DE LA AGENCIA BIB. NACIONAL
Record control number
Source BPMSU
017 ## - NÚMERO DE REGISTRO DE DERECHOS DE AUTOR
Copyright or legal deposit number
Assigning agency
020 ## - ISBN
International Standard Book Number 9786071104540
035 ## - NÚMERO LOCAL
System control number
040 ## - FUENTE DE CATALOGACIÓN
Agencia que crea de manera original el registro BPMSU
Idioma de catalogación spa
Agencia que realiza la transcripción BPMSU
Convenciones de la despripción
080 #0 - NÚMERO DE CLASIFICACIÓN DECIMAL UNIVERSAL
Universal Decimal Classification number
080 #0 - NÚMERO DE CLASIFICACIÓN DECIMAL UNIVERSAL
Universal Decimal Classification number
082 #4 - NÚMERO DE CLASIFICACIÓN DECIMAL DE DEWEY
Classification number 337
Item number S855m
100 1# - ASIENTO PRINCIPAL -- NOMBRE PERSONAL
Nombre personal Stiglitz, Joseph E.,
Fechas asociadas con el nombre 1943-
240 10 - TITULO UNIFORME
Título uniforme Globalization and its discontents
Idioma de una obra Español
245 13 - MENCIÓN DE TITULO
Título El malestar en la globalización /
Medio (Designación general de material)
Mención de responsabilidad Joseph E. Stiglitz ; traducción Carlos Rodríguez Braun
250 ## - MENCIÓN DE EDICION
Mención de edición
260 ## - PUBLICACIÓN, DISTRIBUCIÓN, ETC. (PIE DE IMPRENTA)
Lugar de publicación, distribución, etc Madrid :
Nombre del editor, distribuidor, etc. Santillana Ediciones Generales,
Fecha de publicación, distribución, etc 2010
300 ## - DESCRIPCIÓN FÍSICA
Extensión 447 p. ;
Dimensiones 22 cm
490 ## - MENCIÓN DE SERIES
Mención de serie Punto de lectura
Volume/sequential designation 140/1
586 ## - AWARDS NOTE
Awards note Premio Nobel de Economía 2001
610 #0 - ENCABEZAMIENTO DE MATERIA--NOMBRE CORPORATIVO
9 (RLIN) 40
Nombre corporativo o de jurisdicción FONDO MONETARIO INTERNACIONAL
650 #7 - ENCABEZAMIENTO DE MATERIA--TEMÁTICO
Término temático o nombre geográfico como elemento de entrada PAÍSES EN DESARROLLO
Subdivisión temática general ASPECTOS ECONÓMICOS
Fuente del encabezamiento o término
650 #7 - ENCABEZAMIENTO DE MATERIA--TEMÁTICO
Término temático o nombre geográfico como elemento de entrada GLOBALIZACIÓN
Subdivisión cronológica
Fuente del encabezamiento o término
Subdivisión temática general ASPECTOS ECONÓMICOS
Subdivisión geográfica PAÍSES EN DESARROLLO
650 #7 - ENCABEZAMIENTO DE MATERIA--TEMÁTICO
Término temático o nombre geográfico como elemento de entrada FINANZAS INTERNACIONALES
700 ## - ASIENTO SECUNDARIO -- NOMBRE PERSONAL
Nombre personal Rodríguez Braun, Carlos,
Mención de responsabilidad tr.
830 ## - ASIENTO SECUNDARIO DE SERIE--TÍTULO UNIFORME
Título uniforme Punto de lectura
Volume number/sequential designation 140/1
942 ## - ADDED ENTRY ELEMENTS (KOHA)
Source of classification or shelving scheme Dewey Decimal Classification
Koha item type Libros
945 ## - INFORMACIÓN DE PROCESAMIENTO LOCAL
Información de procesamiento local Inventariado, 2017/MFF
956 ## - LOCAL ELECTRONIC LOCATION AND ACCESS (OCLC)
Nombre de host VMATEO
Número de acceso 10
Información de compresión 20160714
Trayectoria BPMSU
Nombre Electrónico 00069
Existencias
Withdrawn status Lost status Source of classification or shelving scheme Damaged status Not for loan Collection code Home library Current library Date acquired Source of acquisition Total Checkouts Full call number Barcode Date last seen Price effective from Koha item type
    Dewey Decimal Classification     Colección Escolar Biblioteca Pública Metropolitana Salomé Ureña Biblioteca Pública Metropolitana Salomé Ureña 07/14/2016 ALFAGUARA   337 S855m BPMSU16070457 07/14/2016 07/14/2016 Libros